Regionálne aspekty pôsobenia priamych zahraničných investícií
Analýza vývoja prílevu priamych zahraničných investícií (PZI) na Slovensko a ich úloha v rozvoji regiónov. Prílev PZI v rokoch 1994-2000 a ich členenie podľa odvetvového smerovania. Regionálna štruktúra PZI - členenie podľa krajiny investora a podľa krajov.
Saved in:
| Main Author: | |
|---|---|
| Format: | Book Chapter |
| Language: | Slovak |
| Subjects: | |
| Tags: |
No Tags, Be the first to tag this record!
|
MARC
| LEADER | 00000naa a2200000 4500 | ||
|---|---|---|---|
| 001 | r045625 | ||
| 005 | 20220315135117.9 | ||
| 041 | 0 | |a slo | |
| 044 | |a SK | ||
| 245 | 1 | 0 | |a Regionálne aspekty pôsobenia priamych zahraničných investícií |c Edita Farkašová |
| 520 | |a Analýza vývoja prílevu priamych zahraničných investícií (PZI) na Slovensko a ich úloha v rozvoji regiónov. Prílev PZI v rokoch 1994-2000 a ich členenie podľa odvetvového smerovania. Regionálna štruktúra PZI - členenie podľa krajiny investora a podľa krajov. | ||
| 610 | 2 | 0 | |a investície priame zahraničné |
| 610 | 2 | 0 | |a regióny |
| 610 | 2 | 0 | |a Slovensko |
| 610 | 2 | 0 | |a odvetvia činnosti ekonomickej |
| 610 | 2 | 0 | |a investori |
| 610 | 2 | 0 | |a kraje |
| 610 | 2 | 0 | |a 1994-2000 |
| 100 | 1 | |a Farkašová, Edita | |